LEADER 01387nam1 2200397 450 001 990003325410203316 005 20091022125116.0 035 $a000332541 035 $aUSA01000332541 035 $a(ALEPH)000332541USA01 035 $a000332541 100 $a20091006d--------km-y0itay50------ba 101 $aita 102 $aIT 105 $a||||||||001yy 200 1 $aTrattato di medicina legale e scienze affini$fdiretto da Giusto Giusti 205 $a2. edizione 210 $aPadova$cCEDAM 215 $a5 v.$d25 cm 463 \1$1001990003325450203316$12001 $a<> Tutela della persona 463 \1$1001990003325500203316$12001 $a<> Semeiotica medico legale 463 \1$1001990003325620203316$12001 $a<> Patologia forense 463 \1$1001990003336250203316$12001 $a<> Genetica, psichiatria forense e criminologia, medecina del lavoro 463 \1$1001990003338630203316$12001 $a<> Tossicologia, errori professionali, opinioni 606 0 $aMedicina legale 676 $a614.1 702 1$aGIUSTI,$bGiusto 801 0$aIT$bsalbc$gISBD 912 $a990003325410203316 951 $aXXVI 1 F$bG.$cXXVI 959 $aBK 969 $aGIU 979 $aFIORELLA$b90$c20091006$lUSA01$h0956 979 $aCHIARA$b90$c20091022$lUSA01$h1251 996 $aTrattato di medicina legale e scienze affini$9650098 997 $aUNISA LEADER 01139nam0-2200349 --450 001 9910479152703321 005 20210617095314.0 010 $a978-88-575-6617-7 100 $a20210617d2020----kmuy0itay5050 ba 101 1 $aita$cita 102 $aIT 105 $ay 001yy 200 1 $a<>lettura perversa del film d'autore$eda Psyco a Joker$fSlavoj ?i?ek$gintroduzione di Damiano Cantone 210 $aMilano$aUdine$cMimesis$d2020 215 $a274 p.$cill.$d21 cm 225 1 $aMimesis. Cinema minima$v89 300 $aScelta di scritti 300 $aTraduzione e revisione dei testi di Michele Alduino e Francesca Adamo 320 $aContiene bibl. (pp. 271-274> 610 0 $aCinema$aRapporti [con la] filosofia 676 $a791.43019$v23$zita 700 1$aZizek,$bSlavoj$0171480 702 1$aCantone,$bDamiano 702 1$aAlduino,$bMichele 702 1$aAdamo,$bFrancesca 801 0$aIT$bUNINA$gREICAT$2UNIMARC 901 $aBK 912 $a9910479152703321 952 $aCOLLEZ. 2843 (89)$b1118/2021$fFSPBC 959 $aFSPBC 996 $aLettura perversa del film d'autore$91806493 997 $aUNINA